00331nam a2200133Ia 4500008004100000100003300041245003100074250001200105260003400117300000800151650001400159942000700173999001700180190216s9999||||xx |||||||||||||| ||und|| aThomas Pb And Sudhakaran. Pm 0aPublic Finance Principles a3rd Ed. bKerala Bhasha Institutec1974 a314 aEconomics cBK c40396d40396